[Event "RUS-ch Higher League 61st"]
[Site "Novokuznetsk"]
[Date "2008.09.11"]
[Round "8"]
[White "Timofeev, Artyom"]
[Black "Inarkiev, Ernesto"]
[Result "1-0"]
[WhiteElo "2650"]
[BlackElo "2675"]
[PlyCount "121"]
[EventDate "2008.09.03"]
[EventType "swiss"]
[EventRounds "11"]
[EventCountry "RUS"]
[SourceTitle "CBM 126"]
[Source "ChessBase"]
[SourceDate "2008.10.01"]
[SourceVersion "1"]
[SourceVersionDate "2008.10.01"]
[SourceQuality "1"]

1. e4 e5 2. Nf3 Nc6 3. Bb5 a6 4. Ba4 Nf6 5. O-O Be7 6. Re1 b5 7. Bb3 O-O 8. h3
d6 9. c3 Re8 10. d4 Bb7 11. Nbd2 Bf8 12. a4 h6 13. Bc2 exd4 14. cxd4 Nb4 15.
Bb1 c5 16. d5 Nd7 17. Ra3 c4 18. axb5 axb5 19. Nd4 Qb6 20. Nf5 Ne5 21. Rg3 g6
22. Nf3 Ned3 23. Be3 Qd8 24. Nxh6+ Bxh6 25. Bxh6 Qf6 26. Re2 Nxb2 27. Qf1 N2d3
28. Kh2 Ra1 29. Be3 Ne5 30. Nd4 c3 31. Bg5 Ng4+ 32. Rxg4 Qe5+ 33. Kg1 Qxd4 34.
e5 Qc5 35. exd6 Rea8 36. d7 c2 37. Re8+ Kg7 38. Rxa8 Rxa8 39. Bxc2 Nxc2 40.
d8=Q Rxd8 41. Bxd8 f5 42. Rg3 Qxd5 43. Qd3 Nd4 44. Bb6 Ne6 45. Qc3+ Kf7 46. Qh8
g5 47. Ba5 Ke7 48. Kh2 Qe4 49. f3 Qd5 50. h4 gxh4 51. Qxh4+ Kd7 52. Qf6 Kc6 53.
Bc3 f4 54. Rh3 Kc5 55. Rh6 Bc8 56. Qh8 Qc6 57. Bd2 b4 58. Qb2 Qb7 59. Rh5+ Kc4
60. Qc2+ Kd4 61. Be1 1-0

[Event "Capablanca Memorial Elite 44th"]
[Site "Havana"]
[Date "2009.06.16"]
[Round "9"]
[White "Timofeev, Artyom"]
[Black "Khenkin, Igor"]
[Result "1-0"]
[WhiteElo "2677"]
[BlackElo "2630"]
[PlyCount "75"]
[EventDate "2009.06.08"]
[EventType "tourn"]
[EventRounds "10"]
[EventCountry "CUB"]
[EventCategory "17"]
[SourceTitle "CBM 131"]
[Source "ChessBase"]
[SourceDate "2009.07.15"]
[SourceVersion "1"]
[SourceVersionDate "2009.07.15"]
[SourceQuality "1"]

1. e4 c6 2. d4 d5 3. f3 g6 4. Nc3 Bg7 5. Be3 Qb6 6. Qd2 Qxb2 7. Rb1 Qa3 8. h4
dxe4 9. h5 Nd7 10. fxe4 Ngf6 11. h6 Bf8 12. e5 Ng4 13. Bf4 Nb6 14. Be2 Be6 15.
Rh4 f5 16. Nf3 Nc4 17. Qd3 Qa5 18. Ng5 Na3 19. Rxb7 Bc4 20. Qd2 O-O-O 21. Rb2
Bxe2 22. Nxe2 Qxd2+ 23. Bxd2 Bxh6 24. Bf4 Bxg5 25. Bxg5 Rd7 26. Rh3 Nc4 27. Rb4
Nb6 28. c4 h6 29. e6 Rb7 30. Bf4 a5 31. Rb1 Nxc4 32. Rc1 g5 33. Bxg5 Nd6 34.
Rxc6+ Rc7 35. Rxc7+ Kxc7 36. Bxe7 Ne4 37. d5 Rb8 38. Nc3 1-0

[Event "RUS-ch Higher League 63rd"]
[Site "Irkutsk"]
[Date "2010.08.27"]
[Round "2"]
[White "Sjugirov, Sanan"]
[Black "Timofeev, Artyom"]
[Result "0-1"]
[WhiteElo "2610"]
[BlackElo "2690"]
[PlyCount "162"]
[EventDate "2010.08.20"]
[EventType "swiss"]
[EventRounds "10"]
[EventCountry "RUS"]
[SourceTitle "CBM 138"]
[Source "ChessBase"]
[SourceDate "2010.09.17"]
[SourceVersion "1"]
[SourceVersionDate "2010.09.17"]
[SourceQuality "1"]

1. e4 e6 2. d4 d5 3. Nd2 dxe4 4. Nxe4 Nd7 5. Nf3 Ngf6 6. Nxf6+ Nxf6 7. g3 b6 8.
Bb5+ Bd7 9. Be2 c5 10. Ne5 cxd4 11. Qxd4 Bc5 12. Qh4 Qc7 13. Nxd7 Nxd7 14. Bd3
Rd8 15. O-O Nf6 16. Bf4 Qc6 17. Be5 Be7 18. a4 Nd7 19. Qh3 Bf6 20. Bb5 Qc5 21.
Bxf6 gxf6 22. Rad1 Ke7 23. Bxd7 Rxd7 24. Rxd7+ Kxd7 25. Rd1+ Ke7 26. Qg2 Rc8
27. c3 Qc6 28. Rd4 Qxg2+ 29. Kxg2 f5 30. Kf3 h5 31. Rh4 Rh8 32. Ke3 Kf6 33. Rc4
Rb8 34. Rc7 a5 35. c4 h4 36. gxh4 Rh8 37. b3 Rxh4 38. Rc6 Rh3+ 39. f3 Ke5 40.
c5 f4+ 41. Ke2 Kd5 42. Rc7 bxc5 43. Rxf7 Rxh2+ 44. Kd3 Rf2 45. Rxf4 e5 46. Rh4
Rxf3+ 47. Kc2 e4 48. Rh8 Kd4 49. Rd8+ Ke3 50. Rd5 Kf2 51. Rxc5 e3 52. Re5 Kf1
53. Kd1 Kf2 54. Kc2 Rf8 55. Kd3 Rd8+ 56. Kc4 e2 57. b4 axb4 58. Kxb4 Rd4+ 59.
Kb5 Rd5+ 60. Rxd5 e1=Q 61. a5 Qe8+ 62. Kc5 Qa8 63. Kd6 Ke3 64. Rb5 Kd4 65. Rb4+
Kc3 66. Rb5 Qa6+ 67. Kc5 Kd3 68. Rb3+ Kc2 69. Ra3 Kb2 70. Ra4 Kb3 71. Rb4+ Ka3
72. Rd4 Qxa5+ 73. Kc4 Qe5 74. Rd3+ Ka4 75. Rd4 Qc7+ 76. Kd3+ Kb3 77. Ke4 Qc6+
78. Ke3 Qc5 79. Kd3 Qf5+ 80. Kd2 Qf2+ 81. Kd3 Qf3+ 0-1

[Event "RUS-ch Higher League 63rd"]
[Site "Irkutsk"]
[Date "2010.08.28"]
[Round "3"]
[White "Timofeev, Artyom"]
[Black "Kurnosov, Igor"]
[Result "1-0"]
[WhiteElo "2690"]
[BlackElo "2662"]
[PlyCount "99"]
[EventDate "2010.08.20"]
[EventType "swiss"]
[EventRounds "10"]
[EventCountry "RUS"]
[SourceTitle "CBM 138"]
[Source "ChessBase"]
[SourceDate "2010.09.17"]
[SourceVersion "1"]
[SourceVersionDate "2010.09.17"]
[SourceQuality "1"]

1. e4 c5 2. Nf3 e6 3. d4 cxd4 4. Nxd4 Nf6 5. Nc3 d6 6. g3 Be7 7. Bg2 O-O 8. O-O
Nc6 9. a4 a6 10. Be3 Qc7 11. Qe2 Nxd4 12. Bxd4 e5 13. Be3 Be6 14. Rfd1 Bc4 15.
Qe1 b5 16. b3 Be6 17. axb5 axb5 18. Nxb5 Qxc2 19. Na7 Qc7 20. b4 Qb7 21. b5
Nxe4 22. Nc6 d5 23. Nxe7+ Qxe7 24. b6 Qb7 25. Bxe4 dxe4 26. Ra7 Qc6 27. Rc7 Qa4
28. b7 Rab8 29. Ra1 Qb3 30. Qb1 Qd5 31. Ba7 e3 32. fxe3 Rbd8 33. e4 Qd6 34.
b8=Q Rxb8 35. Bxb8 Qd4+ 36. Kh1 Bg4 37. Ra3 Qf2 38. Ba7 Bf3+ 39. Rxf3 Qxf3+ 40.
Kg1 h5 41. Qf1 Qb3 42. Qc4 Qd1+ 43. Kg2 h4 44. Bc5 Qd2+ 45. Kh3 hxg3 46. Bxf8
Qh6+ 47. Kxg3 Qe3+ 48. Kg2 Qd2+ 49. Kf3 Qd1+ 50. Qe2 1-0